Normal view
MARC view
- Religion.
Entry Topical Term
001 - CONTROL NUMBER
- control field: 40000
003 - CONTROL NUMBER IDENTIFIER
- control field: OSt
005 - DATE AND TIME OF LATEST TRANSACTION
- control field: 20190927144813.0
008 - FIXED-LENGTH DATA ELEMENTS
- fixed length control field: 190927|| aca||aabn | a|a d
040 ## - CATALOGING SOURCE
- Original cataloging agency: OSt
- Transcribing agency: OSt
150 ## - HEADING--TOPICAL TERM
- Topical term or geographic name entry element: Religion.
670 ## - SOURCE DATA FOUND
- Source citation: Work cat.: (OSt)14242: 39401 Hamid, Shadi., How Islam is different from other religions/, c2016.
